| 000 | 00865nam a22002297a 4500 | ||
|---|---|---|---|
| 999 |
_c6153 _d6153 |
||
| 003 | AR-CdUCM | ||
| 008 | 190313b ||||| |||| 00| 0 spa d | ||
| 040 |
_aMUNICIPALIDAD PROVINCIAL DEL CUSCO _cBIBLIOTECA MUNICIPAL DEL CUSCO |
||
| 082 |
_a858.92 / _bP25 |
||
| 100 |
_aPapini, Giovanni _917817 |
||
| 245 | _aGiovanni Papini Obras / | ||
| 260 |
_aEspaña : _bAguilar , _c1966. |
||
| 300 |
_a1403 páginas ; _c18.5 cm. |
||
| 440 |
_aObras Completas _n1 _917818 |
||
| 505 | _aContenido : t.1 : Autobiografía Narraciones Poesía varia -- t.2 : Biografías Retratos -- t.3 : Critica Apologías -- t.4 : Religión Filosofía -- t.5 : Autobiografía Ficción. | ||
| 650 |
_aLiteratura del siglo XX _97647 |
||
| 650 |
_aLiteratura Europea _9894 |
||
| 650 |
_aLiteratura Italiana _9615 |
||
| 700 |
_aVelloso, Jose Miguel _944010 |
||
| 942 |
_2ddc _cLIBROS |
||
| 945 | _artm | ||